000 00320nam a2200133Ia 4500
008 190216s9999||||xx |||||||||||||| ||und||
100 _aVenkittaraman M K
245 0 _aLinear Programming
250 _aFIRST
260 _bThe National Publishing Company
_c1989
300 _a287
650 _aMathematics
942 _cBK
999 _c31021
_d31021